Statistiques concernant Les 36 communes des Hauts-de-Seine

Cliquez ici pour prendre le quiz!

Statistiques générales

  • Ce quiz a été pris 1 152 fois
  • Le résultat moyen est 22 sur 36

Statistiques - réponses

HintRéponse% Correct
89 185 hab.Nanterre
93%
114 205 hab.Boulogne-Billancourt
92%
61 754 hab.Neuilly-sur-Seine
80%
44 753 hab.Puteaux
78%
82 327 hab.Asnières-sur-Seine
77%
64 355 hab.Issy-les-Moulineaux
77%
85 398 hab.Colombes
76%
64 253 hab.Levallois-Perret
75%
87 469 hab.Courbevoie
73%
46 723 hab.Suresne
69%
29 873 hab.Saint-Cloud
68%
61 793 hab.Antony
67%
79 426 hab.Rueil-Malmaison
67%
58 916 hab.Clichy-la-Garenne
66%
48 597 hab.Montrouge
65%
41 364 hab.Gennevilliers
64%
45 058 hab.Meudon
63%
52 546 hab.Clamart
62%
22 978 hab.Sèvres
62%
30 982 hab.Malakoff
61%
27 002 hab.Vanves
58%
29 284 hab.Bois-Colombes
55%
27 628 hab.La Garenne-Colombes
53%
38 080 hab.Bagneux
51%
19 638 hab.Sceaux
51%
32 619 hab.Châtillon
45%
1 647 hab.Marnes-la-Coquette
45%
18 668 hab.Chaville
44%
18 169 hab.Garches
43%
27 727 hab.Le Plessis-Robinson
43%
19 985 hab.Bourg-la-Reine
42%
25 183 hab.Villeneuve-la-Garenne
40%
23 351 hab.Fontenay-aux-Roses
38%
32 111 hab.Châtenay-Malabry
37%
8 615 hab.Vaucresson
36%
10 828 hab.Ville-d'Avray
36%

Distribution des résultats

Percentile par nombre de réponses

% des personnes avec chaque résultat

Votre développement - résultats

Vous n’avez pas pris ce quiz